00870nam a22002657a 45000010005000000030006000050050017000110080041000280200015000690400029000840500019001130820008001321000017001402450034001572500047001912600039002383000061002775050008003385200124003465210029004705210020004996500031005196500027005506500027005779871FISKH20260310124258.0260310b cb ||||| |||| 00| 0 eng d a0590368052 aFISKHbengcFISKHdFISKH aPZ7 .C21476 .L a428 aCarle , Eric aLittle cloud /cby Eric Carle aFirst Scholastic printing , September 1997 aNew York : bScholastic , c1996 . a30 unnumbered pages : bcolor illustrations ; c30 cm .  aH  aA little cloud becomes all sorts of things--sheep, an airplane, trees, a hat--before joining other clouds and raining. 8 a450 bLexile estimate 8 aH bRaz-Plus  aImaginationvPicture Books aWeathervPicture Books aSpring vPicture Books